Faculty of architecture information package. (Record no. 352654)

000 -LEADER
fixed length control field 00494 a2200169 4500
003 - CONTROL NUMBER IDENTIFIER
control field OSt
005 - DATE AND TIME OF LATEST TRANSACTION
control field 20180116192341.0
008 - FIXED-LENGTH DATA ELEMENTS--GENERAL INFORMATION
fixed length control field 120524t xxu||||| |||| 00| 0 eng d
040 ## - CATALOGING SOURCE
Transcribing agency 0
082 ## - DEWEY DECIMAL CLASSIFICATION NUMBER
Classification number 720
245 ## - TITLE STATEMENT
Title Faculty of architecture information package.
260 ## - PUBLICATION, DISTRIBUTION, ETC.
Place of publication, distribution, etc. Istanbul :
Name of publisher, distributor, etc. MSFAU.
Date of publication, distribution, etc. 2008,
300 ## - PHYSICAL DESCRIPTION
Extent 175p .:
Dimensions 18cm,
650 0# - SUBJECT ADDED ENTRY--TOPICAL TERM
Topical term or geographic name entry element Architecture
General subdivision Information services.
9 (RLIN) 2103
942 ## - ADDED ENTRY ELEMENTS (KOHA)
Institution code [OBSOLETE] SADA
Koha item type Book
Call number prefix 720 FAC 2008
Source of classification or shelving scheme
Holdings
Withdrawn status Lost status Source of classification or shelving scheme Damaged status Not for loan Permanent Location Current Location Date acquired Total Checkouts Full call number Barcode Date last seen Price effective from Koha item type
          School of Art Design and Architecture (SADA) School of Art Design and Architecture (SADA) 02/11/2011   720 FAC 2008 SADA0000623 08/05/2011 08/05/2011 Book
© 2023 Central Library, National University of Sciences and Technology. All Rights Reserved.